000 00588nam a2200193Ia 4500
003 GCL
008 140319s9999 xx 000 0 ara d
040 _aGCL /
_cGCL
082 0 4 _a189.1
_bم ح
100 1 _aمراد وهبة
245 1 0 _aحوار حول ابن رشد /
_cمراد وهبة
300 _a211 ص
490 _aالهيئة العامة للاستعلامات
_v0
650 0 4 _aالفلسفة الاسلامية
650 0 4 _aالفلسفة العقلية
650 0 4 _aالفلاسفة المسلمون
650 0 4 _aالفلاسفة العرب
942 _2ddc
_cBK
999 _c50113
_d50113